Change management in information services / (Record no. 651)

000 -LEADER
fixed length control field 01078cam a22003014a 4500
001 - CONTROL NUMBER
control field 14416193
003 - CONTROL NUMBER IDENTIFIER
control field OSt
005 - DATE AND TIME OF LATEST TRANSACTION
control field 20140116120834.0
008 - FIXED-LENGTH DATA ELEMENTS--GENERAL INFORMATION
fixed length control field 060616s2007 enka b 001 0 eng
020 ## - INTERNATIONAL STANDARD BOOK NUMBER
International Standard Book Number 9780754646655
040 ## - CATALOGING SOURCE
Transcribing agency DLC
050 00 - LIBRARY OF CONGRESS CALL NUMBER
Classification number ZA3157.P84 2007
100 1# - MAIN ENTRY--PERSONAL NAME
Personal name Pugh, Lyndon.
245 10 - TITLE STATEMENT
Title Change management in information services /
Statement of responsibility, etc Lyndon Pugh.
250 ## - EDITION STATEMENT
Edition statement 2nd ed.
260 ## - PUBLICATION, DISTRIBUTION, ETC. (IMPRINT)
Place of publication, distribution, etc Aldershot, Hampshire :
Name of publisher, distributor, etc Ashgate,
Date of publication, distribution, etc 2007.
300 ## - PHYSICAL DESCRIPTION
Extent x, 230 p. :
Other physical details ill.
504 ## - BIBLIOGRAPHY, ETC. NOTE
Bibliography, etc Includes bibliographical references and index.
650 #0 - SUBJECT ADDED ENTRY--TOPICAL TERM
Topical term or geographic name as entry element Information services
General subdivision Management.
650 #0 - SUBJECT ADDED ENTRY--TOPICAL TERM
Topical term or geographic name as entry element Library administration.
650 #0 - SUBJECT ADDED ENTRY--TOPICAL TERM
Topical term or geographic name as entry element Organizational change
General subdivision Management.
650 #0 - SUBJECT ADDED ENTRY--TOPICAL TERM
Topical term or geographic name as entry element Information services
General subdivision Technological innovations
-- Management.
650 #0 - SUBJECT ADDED ENTRY--TOPICAL TERM
Topical term or geographic name as entry element Management
General subdivision Technological innovations.
856 41 - ELECTRONIC LOCATION AND ACCESS
Materials specified Table of contents only
Uniform Resource Identifier <a href="http://www.loc.gov/catdir/toc/fy0709/2006929370.html">http://www.loc.gov/catdir/toc/fy0709/2006929370.html</a>
906 ## - LOCAL DATA ELEMENT F, LDF (RLIN)
a 7
b cbc
c orignew
d 2
e epcn
f 20
g y-gencatlg
942 ## - ADDED ENTRY ELEMENTS (KOHA)
Source of classification or shelving scheme
Koha item type Book
Holdings
Withdrawn status Lost status Source of classification or shelving scheme Damaged status Not for loan Home library Current library Date acquired Source of acquisition Total Checkouts Full call number Barcode Date last seen Copy number Price effective from Koha item type
          Riara University Library Riara University Library 26/10/2011 Purchase   ZA3157.P84 2007 1431/11 26/10/2011 C.1 26/10/2011 Book
          Riara University Library Riara University Library 26/10/2011 Purchase   ZA3157.P84 2007 1432/11 19/08/2013 C.2 26/10/2011 Book
          Riara University Library Riara University Library 26/10/2011 Purchase   ZA3157.P84 2007 1433/11 26/10/2011 C.3 26/10/2011 Book

Riara University Library,
P.O. Box 49940-00100,
Nairobi, Kenya.